[Event "World Blitz Championship"]
[Site "Berlin GER"]
[Date "2015.10.14"]
[EventDate "2015.10.13"]
[Round "14.43"]
[Result "0-1"]
[White "Sergey Grigoriants"]
[Black "Pentala Harikrishna"]
[WhiteElo "2603"]
[BlackElo "2737"]
[PlyCount "36"]

1. c4 Nf6 2. g3 c6 3. Nf3 d5 4. Bg2 g6 5. b3 Bg7 6. Bb2 O-O
7. O-O Bg4 8. Ne5 Nfd7 9. Nd3 d4 10. f4 e5 11. h3 Bf5 12. Nxe5
Nxe5 13. fxe5 Bxe5 14. e4 Be6 15. Qf3 Nd7 16. d3 f5 17. Nd2
Qg5 18. exf5 Qxd2 0-1

[Event "World Blitz Championship"]
[Site "Berlin GER"]
[Date "2015.10.14"]
[EventDate "2015.10.13"]
[Round "15.37"]
[Result "1/2-1/2"]
[White "Pentala Harikrishna"]
[Black "Krishnan Sasikiran"]
[WhiteElo "2737"]
[BlackElo "2639"]
[PlyCount "112"]

1. e4 c5 2. Nf3 d6 3. d4 cxd4 4. Nxd4 Nf6 5. Nc3 a6 6. h3 e5
7. Nde2 h5 8. Bg5 Nbd7 9. Ng3 g6 10. Bc4 Be7 11. Nd5 Nxd5
12. Qxd5 O-O 13. Bxe7 Qxe7 14. Bb3 h4 15. Nf1 Nf6 16. Qd3 Bd7
17. O-O-O Rad8 18. Ne3 Bb5 19. Bc4 Bc6 20. f3 b5 21. Bb3 a5
22. a3 Kg7 23. Qd2 b4 24. axb4 axb4 25. Qxb4 Qa7 26. Rhe1 Qa1+
27. Kd2 Qa7 28. Ke2 Nh5 29. Kf2 Qe7 30. Qb6 Ba8 31. Bd5 Rb8
32. Qa5 Bxd5 33. Nxd5 Qg5 34. b3 Rfc8 35. Qd2 Qg3+ 36. Kg1 Kh7
37. Re2 Rc5 38. Qe1 Qg5 39. Qf2 Ra8 40. Red2 Ra2 41. b4 Rc8
42. c3 Ra3 43. b5 Nf4 44. Nxf4 exf4 45. Rd5 Qg3 46. Rxd6 Raxc3
47. Rd7 Kg7 48. b6 Rb3 49. Qd4+ Kg8 50. Rxf7 Kxf7 51. Qd7+ Kf6
52. Qd6+ Kg5 53. Qd5+ Kh6 54. Qxb3 Rd8 55. b7 Rd2 56. Rxd2
Qe1+ 1/2-1/2

[Event "World Blitz Championship"]
[Site "Berlin GER"]
[Date "2015.10.14"]
[EventDate "2015.10.13"]
[Round "16.33"]
[Result "0-1"]
[White "Vladimir Belov"]
[Black "Pentala Harikrishna"]
[WhiteElo "2614"]
[BlackElo "2737"]
[PlyCount "88"]

1. d4 Nf6 2. c4 e6 3. Nf3 b6 4. g3 Ba6 5. Qc2 Bb7 6. Bg2 c5
7. d5 exd5 8. cxd5 Nxd5 9. O-O Nc6 10. Rd1 Be7 11. a3 Nf6
12. e4 O-O 13. Nc3 Qb8 14. Bf4 d6 15. Rd2 Ne5 16. Rad1 Re8
17. Nh4 g6 18. Bg5 Nc6 19. Nb5 Ng4 20. Bxe7 Rxe7 21. h3 Nf6
22. Nxd6 Nd4 23. Rxd4 cxd4 24. Nxb7 Qxb7 25. e5 Nd5 26. Rxd4
Rxe5 27. Nf3 Re7 28. Qd2 Rd8 29. Ng5 Red7 30. Ne4 Qc6 31. Qh6
Nf6 32. Rc4 Qe6 33. Qh4 Nxe4 34. Rxe4 Qf5 35. Rf4 Qb1+ 36. Kh2
Qxb2 37. a4 Rd4 38. Qe7 R4d7 39. Qg5 Qd2 40. h4 Rd4 41. Qe7
Rxf4 42. gxf4 Qxf4+ 43. Kh3 Qd6 44. Qb7 Qd7+ 0-1

[Event "World Blitz Championship"]
[Site "Berlin GER"]
[Date "2015.10.14"]
[EventDate "2015.10.13"]
[Round "17.28"]
[Result "1-0"]
[White "Pentala Harikrishna"]
[Black "Ernesto Inarkiev"]
[WhiteElo "2737"]
[BlackElo "2660"]
[PlyCount "73"]

1. Nf3 d5 2. g3 c6 3. Bg2 Bg4 4. h3 Bxf3 5. Bxf3 e5 6. d3 Nf6
7. Nd2 Nbd7 8. Bg2 Bc5 9. e4 O-O 10. O-O dxe4 11. dxe4 a5
12. a4 Qe7 13. Qe2 Rfd8 14. Nc4 Nf8 15. Bd2 Bb4 16. c3 Bc5
17. Rab1 N6d7 18. b4 axb4 19. cxb4 Bd4 20. a5 Ne6 21. b5 cxb5
22. Rxb5 Ndc5 23. Nb6 Rab8 24. Nd5 Qe8 25. Rfb1 Rbc8 26. h4
Nc7 27. R5b4 Nxd5 28. exd5 Rd6 29. Rc1 Ra8 30. Rxd4 exd4
31. Qxe8+ Rxe8 32. Rxc5 b6 33. Rc6 Rxc6 34. dxc6 bxa5 35. Bxa5
d3 36. Bh3 Re7 37. c7 1-0

[Event "World Blitz Championship"]
[Site "Berlin GER"]
[Date "2015.10.14"]
[EventDate "2015.10.13"]
[Round "18.20"]
[Result "1-0"]
[White "Pentala Harikrishna"]
[Black "Alexander Morozevich"]
[WhiteElo "2737"]
[BlackElo "2711"]
[PlyCount "129"]

1. Nf3 Nf6 2. g3 b5 3. Bg2 Bb7 4. b3 g6 5. Bb2 Bg7 6. O-O O-O
7. Na3 b4 8. Nc4 c5 9. a3 d5 10. Nce5 a5 11. axb4 axb4
12. Rxa8 Bxa8 13. Qa1 Nbd7 14. Qa7 d4 15. Nxd7 Nxd7 16. Ra1
Bd5 17. d3 h5 18. Bc1 e5 19. Ra6 Nb8 20. Ra2 e4 21. dxe4 Bxe4
22. Qxc5 Nc6 23. Bf4 Re8 24. Ra6 Bf8 25. Qc4 Bd5 26. Qb5 Qd7
27. Ne5 Rxe5 28. Bxe5 Bxg2 29. Kxg2 Nxe5 30. Qxd7 Nxd7 31. Kf3
Nc5 32. Rb6 Ne6 33. Ke4 Kg7 34. Ke5 Be7 35. f4 h4 36. Rb7 Bf8
37. g4 h3 38. f5 gxf5 39. gxf5 Nc5 40. Rc7 Na6 41. Rc6 Nb8
42. Rc7 Na6 43. Rc6 Nb8 44. Rc7 Na6 45. f6+ Kg6 46. Rc8 Bh6
47. Rg8+ Kh7 48. Rg3 Nc5 49. Kxd4 Nd7 50. Rxh3 Nxf6 51. Kc4
Ng4 52. Kxb4 Kg6 53. Ka5 f5 54. b4 Bd2 55. Ka4 Ne3 56. b5 Nd5
57. Rd3 Nb6+ 58. Kb3 Bf4 59. c4 Bxh2 60. c5 Nc8 61. b6 Ne7
62. Kc4 Kf7 63. Kb5 Ke6 64. c6 Nc8 65. c7 1-0

[Event "TCh-CZE Extraliga 2015-16"]
[Site "Czech Republic CZE"]
[Date "2016.01.09"]
[EventDate "2015.11.07"]
[Round "5.3"]
[Result "1/2-1/2"]
[White "Pentala Harikrishna"]
[Black "Yuriy Kryvoruchko"]
[WhiteElo "2743"]
[BlackElo "2717"]
[PlyCount "160"]

1. e4 e5 2. Nf3 Nc6 3. Bb5 Nf6 4. d3 Bc5 5. c3 O-O 6. O-O d6
7. Bg5 h6 8. Bh4 g5 9. Bg3 g4 10. d4 gxf3 11. dxc5 Nxe4
12. Qxf3 Nxc5 13. Qe3 Ne7 14. Qxh6 Nf5 15. Qh5 Qf6 16. Nd2 Qg6
17. Qxg6+ fxg6 18. b4 Ne6 19. Bc4 Kg7 20. Rae1 Bd7 21. f4 Nxf4
22. Bxf4 exf4 23. Rxf4 Rae8 24. Ref1 Nh6 25. Rxf8 Rxf8
26. Rxf8 Kxf8 27. Bd5 c6 28. Be4 Kg7 29. h3 Nf7 30. Kf2 d5
31. Bd3 Ne5 32. Bc2 Kf6 33. Ke3 b6 34. h4 Bf5 35. Bd1 Be6
36. Be2 Bf5 37. Kf4 Nd3+ 38. Bxd3 Bxd3 39. a3 Ke6 40. g4 c5
41. bxc5 bxc5 42. Nb3 Kd6 43. h5 gxh5 44. gxh5 Bh7 45. h6 d4
46. c4 Bc2 47. Kg5 Be4 48. Kf6 d3 49. Nd2 Bh7 50. Nf3 Be4
51. Nd2 Bh7 52. Nb1 Be4 53. Nc3 Bh7 54. Nb5+ Kd7 55. Ke5 d2
56. Nc3 Bg8 57. Ke4 Ke7 58. Kd3 Kf8 59. Nd1 Kf7 60. Kxd2 Kg6
61. Kc3 Kxh6 62. Nb2 Kg6 63. Nd3 Kf6 64. Nxc5 Ke7 65. Kb4 Kd6
66. Kb5 Bh7 67. Nb7+ Kc7 68. Na5 Bd3 69. Kc5 Bf1 70. Nb3 Bd3
71. Nd4 Bf1 72. Ne6+ Kb7 73. Kd5 Ka6 74. c5 Ka5 75. Kd6 Bg2
76. Nf4 Ba8 77. Kc7 Kb5 78. Kb8 Kxc5 79. Kxa8 Kb5 80. Kxa7 Ka4
1/2-1/2

[Event "TCh-CZE Extraliga 2015-16"]
[Site "Czech Republic CZE"]
[Date "2016.01.10"]
[EventDate "2015.11.07"]
[Round "6.3"]
[Result "1/2-1/2"]
[White "Grzegorz Gajewski"]
[Black "Pentala Harikrishna"]
[WhiteElo "2647"]
[BlackElo "2743"]
[PlyCount "66"]

1. d4 Nf6 2. c4 e6 3. Nf3 d5 4. Nc3 c5 5. cxd5 Nxd5 6. e4 Nxc3
7. bxc3 cxd4 8. cxd4 Bb4+ 9. Bd2 Bxd2+ 10. Qxd2 O-O 11. Rc1
Nc6 12. Bc4 b6 13. d5 Na5 14. dxe6 fxe6 15. Qxd8 Rxd8 16. Ne5
Nxc4 17. Rxc4 Ba6 18. Rc7 Rac8 19. Rxc8 Rxc8 20. Kd2 Rc5
21. f4 Ra5 22. Rd1 h6 23. h4 g5 24. g3 Rxa2+ 25. Kc3 Bb5
26. Rd8+ Kg7 27. Rc8 gxf4 28. gxf4 Ra4 29. Rc7+ Kf8 30. Ng6+
Kg8 31. Ne7+ Kf8 32. Ng6+ Kg8 33. Ne7+ Kf8 1/2-1/2

[Event "IMSA Elite Mind Games (Blitz)"]
[Site "Huai'an CHN"]
[Date "2016.02.28"]
[EventDate "2016.02.28"]
[Round "2.7"]
[Result "1-0"]
[White "Pentala Harikrishna"]
[Black "Gabriel Sargissian"]
[WhiteElo "2753"]
[BlackElo "2702"]
[PlyCount "79"]

1. Nf3 d5 2. g3 c6 3. Bg2 Bg4 4. d3 e6 5. O-O Nf6 6. Nbd2 Be7
7. e4 O-O 8. h3 Bh5 9. Qe1 a5 10. Ne5 Nfd7 11. Nxd7 Nxd7
12. f4 dxe4 13. dxe4 f6 14. Nf3 Qb6+ 15. Kh2 Rfd8 16. b3 Bb4
17. c3 Be7 18. Be3 Qa6 19. Nd4 Bf7 20. Rd1 a4 21. b4 c5
22. Nf3 cxb4 23. cxb4 Qc4 24. Rf2 Qxb4 25. Rfd2 Be8 26. Rb1
Qa3 27. Qf2 Nc5 28. Rxd8 Rxd8 29. Nd4 Nd3 30. Qe2 Nb4 31. Rb2
Qc3 32. Rd2 e5 33. Nf5 Rxd2 34. Nxe7+ Kf7 35. Bxd2 Qc2
36. Qh5+ Kxe7 37. Bxb4+ Kd8 38. Qxh7 exf4 39. Qxg7 fxg3+
40. Qxg3 1-0

[Event "IMSA Elite Mind Games (Blitz)"]
[Site "Huai'an CHN"]
[Date "2016.02.28"]
[EventDate "2016.02.28"]
[Round "3.3"]
[Result "0-1"]
[White "David Navara"]
[Black "Pentala Harikrishna"]
[WhiteElo "2734"]
[BlackElo "2753"]
[PlyCount "91"]

1. d4 Nf6 2. c4 e6 3. Nf3 d5 4. Nc3 c5 5. cxd5 Nxd5 6. e3 Nc6
7. Bc4 cxd4 8. exd4 Be7 9. O-O O-O 10. Re1 Bf6 11. Ne4 b6
12. Nxf6+ Nxf6 13. Bg5 Bb7 14. Rc1 Rc8 15. Bd3 Ne7 16. Rxc8
Qxc8 17. Bxf6 gxf6 18. Nd2 f5 19. Qh5 Ng6 20. Bf1 Qc2 21. Qg5
Qxb2 22. h4 Qxd4 23. h5 Qf4 24. Qf6 Qxd2 25. Rd1 Qh6 26. Rd7
Bd5 27. hxg6 hxg6 28. Rxa7 Rc8 29. Qxf7+ Kh8 30. Qf6+ Kg8
31. a4 Rf8 32. Qd4 g5 33. Qxb6 g4 34. Qc7 f4 35. Bd3 g3
36. Qh7+ Qxh7 37. Bxh7+ Kh8 38. Bd3 Rc8 39. fxg3 fxg3 40. Rh7+
Kg8 41. Rh3 Rc1+ 42. Bf1 Bc4 43. Rxg3+ Kh7 44. Rh3+ Kg6
45. Rf3 e5 46. g3 0-1

[Event "IMSA Elite Mind Games (Blitz)"]
[Site "Huai'an CHN"]
[Date "2016.02.28"]
[EventDate "2016.02.28"]
[Round "7.5"]
[Result "1/2-1/2"]
[White "Evgeny Tomashevsky"]
[Black "Pentala Harikrishna"]
[WhiteElo "2728"]
[BlackElo "2753"]
[PlyCount "101"]

1. e4 e6 2. d4 d5 3. Nd2 c5 4. exd5 Qxd5 5. Ngf3 cxd4 6. Bc4
Qd6 7. O-O Nf6 8. Nb3 Nc6 9. Nbxd4 Nxd4 10. Nxd4 a6 11. Be2
Be7 12. Bf3 O-O 13. c3 Qc7 14. Re1 e5 15. Nb3 Bf5 16. Bg5 h6
17. Bh4 Rfe8 18. Bg3 Bf8 19. Qe2 Qb6 20. Qe3 Qxe3 21. fxe3 Be4
22. Rad1 a5 23. Nd2 Bc2 24. Rc1 Bd3 25. Be2 Bxe2 26. Rxe2 b5
27. Bh4 g5 28. Rf1 Nd5 29. Bf2 f5 30. e4 Nf4 31. Ree1 Nd3
32. Re2 f4 33. b3 Rac8 34. c4 Bb4 35. Nf3 bxc4 36. bxc4 Rxc4
37. h3 Rec8 38. Rd1 Nxf2 39. Kxf2 Rc2 40. Nxe5 Rxe2+ 41. Kxe2
Rc2+ 42. Kf3 Rxa2 43. Rd7 a4 44. Ng4 Ra3+ 45. Ke2 Ra2+ 46. Kf3
a3 47. Nf6+ Kf8 48. Nh7+ Ke8 49. Nf6+ Kf8 50. Nh7+ Ke8
51. Nf6+ 1/2-1/2

[Event "IMSA Elite Mind Games (Blitz)"]
[Site "Huai'an CHN"]
[Date "2016.02.28"]
[EventDate "2016.02.28"]
[Round "10.3"]
[Result "1-0"]
[White "Pentala Harikrishna"]
[Black "Rauf Mamedov"]
[WhiteElo "2753"]
[BlackElo "2650"]
[PlyCount "94"]

1. e4 c5 2. Nf3 Nc6 3. d4 cxd4 4. Nxd4 g6 5. Nc3 Bg7 6. Nb3
Nf6 7. Be2 d6 8. O-O O-O 9. Re1 a6 10. Bf1 b5 11. Bg5 Bb7
12. a4 b4 13. Nd5 Nd7 14. Rb1 h6 15. Bh4 g5 16. Bg3 e6 17. Ne3
Nde5 18. c3 a5 19. Nd4 Qe7 20. Nb5 Rad8 21. Re2 h5 22. h3 Nb8
23. Nc2 h4 24. Bh2 d5 25. exd5 Bxd5 26. Bxe5 Bf3 27. Qe1 Bxe2
28. Qxe2 Bxe5 29. Qxe5 Rd5 30. Qe4 Nd7 31. cxb4 Nf6 32. Qc4
Qd7 33. Ne3 Rd2 34. bxa5 Rc8 35. Qb4 Rd8 36. a6 Qc8 37. a7 Qb7
38. Qa5 Ne4 39. Rd1 Rxd1 40. Nxd1 Ra8 41. Ndc3 Nc5 42. Qb4 Qb6
43. Qd4 Qc6 44. Qe5 Nd7 45. Qxg5+ Kf8 46. Qxh4 Qc5 47. Qh8+
Ke7 1-0

[Event "IMSA Elite Mind Games (Blitz)"]
[Site "Huai'an CHN"]
[Date "2016.02.29"]
[EventDate "2016.02.28"]
[Round "11.7"]
[Result "0-1"]
[White "Ruslan Ponomariov"]
[Black "Pentala Harikrishna"]
[WhiteElo "2712"]
[BlackElo "2753"]
[PlyCount "114"]

1. e4 c5 2. Nf3 e6 3. d4 cxd4 4. Nxd4 Nc6 5. Nc3 Qc7 6. Be2
Nf6 7. Be3 d6 8. f4 Be7 9. Qd2 a6 10. O-O-O O-O 11. g4 Nxd4
12. Qxd4 b5 13. g5 Nd7 14. h4 Bb7 15. a3 Rac8 16. h5 e5
17. Qd2 exf4 18. Bxf4 Ne5 19. Kb1 Nc4 20. Bxc4 Qxc4 21. Qe3
Qe6 22. Rd4 f5 23. gxf6 Qxf6 24. Bg3 Rc5 25. h6 g5 26. Rhd1
Rd8 27. e5 Qf3 28. Qxf3 Bxf3 29. Rf1 g4 30. exd6 Bf6 31. Rd3
Be5 32. Rg1 Bxg3 33. Rxg3 Kf7 34. Rd4 Re5 35. Rdxg4 Bxg4
36. Rxg4 Ke6 37. Rg7 Rd7 38. a4 Rxg7 39. hxg7 Rg5 40. axb5
axb5 41. Nxb5 Rxg7 42. c4 h5 43. c5 Kd5 44. b4 h4 45. Nc7+ Ke5
46. Ne8 h3 47. Nxg7 h2 48. Kb2 h1=Q 49. Kb3 Qb1+ 50. Ka4 Qg6
51. Kb5 Qxg7 52. Kc6 Ke6 53. b5 Qd7+ 54. Kb6 Kd5 55. c6 Qxd6
56. Kb7 Kc5 57. c7 Qb6+ 0-1

[Event "IMSA Elite Mind Games (Blitz)"]
[Site "Huai'an CHN"]
[Date "2016.02.29"]
[EventDate "2016.02.28"]
[Round "12.2"]
[Result "1/2-1/2"]
[White "Pentala Harikrishna"]
[Black "Sergei Movsesian"]
[WhiteElo "2753"]
[BlackElo "2653"]
[PlyCount "85"]

1. e4 c5 2. Nf3 e6 3. d4 cxd4 4. Nxd4 Nf6 5. Nc3 d6 6. g4 h6
7. h4 Nc6 8. Rg1 d5 9. exd5 Nxd5 10. Nxd5 Qxd5 11. Bg2 Qe5+
12. Be3 Bd7 13. Qd2 Nxd4 14. Qxd4 Qxd4 15. Bxd4 Bc6 16. Bxc6+
bxc6 17. O-O-O c5 18. Be5 f6 19. Bd6 Rd8 20. Bxf8 Rxf8 21. Rg3
Rxd1+ 22. Kxd1 Rf7 23. Ra3 Rb7 24. b3 c4 25. Kd2 cxb3 26. axb3
Ke7 27. Ra6 Rd7+ 28. Ke3 g6 29. Rc6 Rb7 30. f4 g5 31. hxg5
hxg5 32. fxg5 fxg5 33. Ra6 Kf6 34. Ra5 Rb4 35. Rxa7 Rxg4
36. Rb7 Rg3+ 37. Kd2 Rg2+ 38. Kd3 g4 39. Rb8 Kf7 40. Rb5 Kf6
41. Rb8 Kf7 42. Rb5 Kf6 43. Rb8 1/2-1/2

[Event "IMSA Elite Mind Games (Blitz)"]
[Site "Huai'an CHN"]
[Date "2016.02.29"]
[EventDate "2016.02.28"]
[Round "13.8"]
[Result "0-1"]
[White "Radoslaw Wojtaszek"]
[Black "Pentala Harikrishna"]
[WhiteElo "2727"]
[BlackElo "2753"]
[PlyCount "52"]

1. d4 Nf6 2. c4 e6 3. Nf3 d5 4. Nc3 c5 5. cxd5 Nxd5 6. e4 Nxc3
7. bxc3 cxd4 8. cxd4 Bb4+ 9. Bd2 Bxd2+ 10. Qxd2 O-O 11. Bc4
Nd7 12. O-O b6 13. Rad1 Bb7 14. Rfe1 Rc8 15. Bb3 h6 16. h3 Qe7
17. Re3 Nf6 18. Qe2 Rfd8 19. Ne5 Qb4 20. d5 exd5 21. exd5 Qd6
22. Nxf7 Kxf7 23. Re6 Re8 24. Ba4 Rxe6 25. dxe6+ Qxe6 26. Bb3
Bd5 0-1

[Event "IMSA Elite Mind Games (Blitz)"]
[Site "Huai'an CHN"]
[Date "2016.02.29"]
[EventDate "2016.02.28"]
[Round "14.1"]
[Result "1-0"]
[White "Li Chao"]
[Black "Pentala Harikrishna"]
[WhiteElo "2751"]
[BlackElo "2753"]
[PlyCount "75"]

1. d4 Nf6 2. c4 e6 3. g3 d5 4. Bg2 Be7 5. Nf3 O-O 6. O-O dxc4
7. Ne5 Nc6 8. Nxc6 bxc6 9. Na3 Bxa3 10. bxa3 Ba6 11. Qd2 Rb8
12. Qa5 Qc8 13. a4 Rd8 14. Rd1 Nd5 15. Ba3 f5 16. Bc5 Rb6
17. e4 fxe4 18. Bxe4 Rb2 19. Ba3 Rb6 20. Re1 c3 21. Qc5 Qd7
22. Bg2 Rdb8 23. Bh3 Re8 24. Qa5 Bd3 25. Qxa7 Ra6 26. Qb7 Rb6
27. Qa7 Ra6 28. Qc5 Rxa4 29. Bxe6+ Qxe6 30. Rxe6 Rea8 31. Qxc6
Nf6 32. Be7 R4a6 33. Qf3 Be4 34. Rxe4 Nxe4 35. Qxe4 Re8
36. Qd5+ Kh8 37. Qf7 Raa8 38. Rc1 1-0

[Event "IMSA Elite Mind Games (Blitz)"]
[Site "Huai'an CHN"]
[Date "2016.02.29"]
[EventDate "2016.02.28"]
[Round "15.8"]
[Result "1/2-1/2"]
[White "Pentala Harikrishna"]
[Black "Laurent Fressinet"]
[WhiteElo "2753"]
[BlackElo "2700"]
[PlyCount "79"]

1. e4 e5 2. Nf3 Nc6 3. Bc4 Nf6 4. d3 Be7 5. O-O O-O 6. Re1 d6
7. a4 Kh8 8. c3 Ng8 9. a5 a6 10. d4 f5 11. dxe5 fxe4 12. Rxe4
Rxf3 13. gxf3 Nxe5 14. Rxe5 dxe5 15. Qxd8 Bxd8 16. Nd2 Nf6
17. Ne4 Nxe4 18. fxe4 Bh3 19. Be3 Bf6 20. f3 Bh4 21. Rd1 Rf8
22. Bf2 Be7 23. Rd5 Bd6 24. Rd3 Bc8 25. Kg2 g5 26. Be3 h6
27. Bd5 Kg7 28. Bf2 Kf6 29. h3 Rd8 30. Bc4 Be7 31. Rxd8 Bxd8
32. b4 c6 33. Kg3 h5 34. Be3 h4+ 35. Kg2 Be7 36. Bb6 Kg7
37. Bc7 Kf6 38. Bb6 Kg7 39. Bc7 Kf6 40. Bb6 1/2-1/2

[Event "IMSA Elite Mind Games (Blitz)"]
[Site "Huai'an CHN"]
[Date "2016.02.29"]
[EventDate "2016.02.28"]
[Round "17.7"]
[Result "1/2-1/2"]
[White "Gabriel Sargissian"]
[Black "Pentala Harikrishna"]
[WhiteElo "2702"]
[BlackElo "2753"]
[PlyCount "82"]

1. d4 Nf6 2. c4 e6 3. Nc3 Bb4 4. Nf3 b6 5. Bd2 Bb7 6. g3 O-O
7. Bg2 d6 8. O-O c5 9. Rc1 Qe7 10. Bg5 Bxc3 11. Rxc3 Nbd7
12. d5 h6 13. Bxf6 Nxf6 14. dxe6 fxe6 15. Re3 Ng4 16. Rd3 Rad8
17. Qd2 Be4 18. Ra3 d5 19. cxd5 exd5 20. h3 Nf6 21. Nh4 Bh7
22. Re3 Qf7 23. Ra3 Ne4 24. Qc1 Qe7 25. Nf3 a5 26. Rb3 Rd6
27. Re1 Kh8 28. Ra3 d4 29. Rb3 a4 30. Rd3 Re6 31. Rdd1 Nd6
32. e3 Be4 33. Nh4 g5 34. exd4 gxh4 35. dxc5 bxc5 36. Bxe4
Nxe4 37. Rxe4 Rxe4 38. Qxh6+ Kg8 39. Qg6+ Kh8 40. Qh6+ Kg8
41. Qg6+ Kh8 1/2-1/2

[Event "IMSA Elite Mind Games (Blitz)"]
[Site "Huai'an CHN"]
[Date "2016.02.29"]
[EventDate "2016.02.28"]
[Round "18.3"]
[Result "1-0"]
[White "Pentala Harikrishna"]
[Black "David Navara"]
[WhiteElo "2753"]
[BlackElo "2734"]
[PlyCount "57"]

1. e4 c6 2. d4 d5 3. exd5 cxd5 4. Bd3 Nc6 5. c3 Nf6 6. Bf4 Bg4
7. Ne2 e6 8. Qb3 Bxe2 9. Bxe2 Bd6 10. Qxb7 O-O 11. Bg5 Na5
12. Qa6 Qb8 13. b4 Ne4 14. Qxa5 Nxg5 15. Nd2 Rc8 16. h4 Ne4
17. Nxe4 dxe4 18. b5 a6 19. b6 Rc6 20. Rb1 Bc7 21. O-O Bxb6
22. Qb4 Qd8 23. g3 Bc7 24. Kg2 Rc8 25. Rfc1 Ba5 26. Qa4 Rxc3
27. Rxc3 Rxc3 28. Qxa5 Qc8 29. Qxc3 1-0

[Event "IMSA Elite Mind Games (Blitz)"]
[Site "Huai'an CHN"]
[Date "2016.03.01"]
[EventDate "2016.02.28"]
[Round "22.5"]
[Result "0-1"]
[White "Pentala Harikrishna"]
[Black "Evgeny Tomashevsky"]
[WhiteElo "2753"]
[BlackElo "2728"]
[PlyCount "108"]

1. e4 e5 2. Nf3 Nc6 3. Bc4 Bc5 4. c3 Nf6 5. d4 exd4 6. cxd4
Bb4+ 7. Bd2 Bxd2+ 8. Nbxd2 d5 9. exd5 Nxd5 10. O-O O-O 11. Rc1
Nb6 12. Bb3 a5 13. Nc4 Nxc4 14. Bxc4 Bg4 15. d5 Ne5 16. Be2
Bxf3 17. Bxf3 Qd6 18. g3 Rfe8 19. Bg2 Re7 20. Rc3 Rae8 21. h3
Nd7 22. Qa4 b6 23. Rc6 Qe5 24. Qf4 Qxf4 25. gxf4 Nc5 26. d6
cxd6 27. Rxb6 Re2 28. Rd1 g6 29. Bf3 Rc2 30. Rbxd6 Rxb2
31. R6d5 Ne6 32. Rxa5 Nxf4 33. h4 Nh3+ 34. Kg2 Rxf2+ 35. Kxh3
Rxf3+ 36. Kg4 Rfe3 37. Rd7 Kg7 38. Ra4 h5+ 39. Kf4 Rh3
40. Rdd4 Rxh4+ 41. Kg3 Rxd4 42. Rxd4 Re2 43. a4 Ra2 44. Kf4 f6
45. Rd7+ Kh6 46. Ra7 h4 47. Kg4 g5 48. Ra8 Kg6 49. a5 Ra4+
50. Kf3 Kf5 51. a6 g4+ 52. Ke3 h3 53. Kf2 Kf4 54. a7 f5 0-1

[Event "IMSA Elite Mind Games (Blitz)"]
[Site "Huai'an CHN"]
[Date "2016.03.01"]
[EventDate "2016.02.28"]
[Round "25.3"]
[Result "1-0"]
[White "Rauf Mamedov"]
[Black "Pentala Harikrishna"]
[WhiteElo "2650"]
[BlackElo "2753"]
[PlyCount "139"]

1. e4 e6 2. d4 d5 3. Nd2 c5 4. Ngf3 cxd4 5. Nxd4 Nf6 6. exd5
Nxd5 7. Ne4 Be7 8. c3 O-O 9. Bd3 e5 10. Nf3 Nc6 11. O-O h6
12. Bb5 Nf6 13. Nxf6+ Bxf6 14. Be3 Qc7 15. Nd2 Bf5 16. Qf3 Bg6
17. Bc4 Kh7 18. Bb3 Rad8 19. Rad1 Be7 20. Ne4 Na5 21. Rxd8
Bxd8 22. Bc2 Nc4 23. Bc1 Kg8 24. Qe2 Be7 25. Ng3 Bxc2 26. Qxc2
Rd8 27. b3 Nd6 28. c4 Nb5 29. Nf5 Nd4 30. Nxd4 exd4 31. Qd3
Qa5 32. a4 Bc5 33. Bd2 Qb6 34. g3 Re8 35. Rd1 a5 36. Bc1 Qc6
37. Bb2 Re4 38. Bc1 Qg6 39. Kg2 Qe6 40. Bd2 b6 41. Qf3 f5
42. Bf4 Kh7 43. h4 Re2 44. Be3 Rxe3 45. fxe3 dxe3 46. Qd5 Qf6
47. Qd3 h5 48. Kh3 Kh6 49. Qd8 Qe6 50. Qg5+ Kh7 51. Qxh5+ Kg8
52. Kg2 Bb4 53. Rd8+ Bf8 54. Qe2 Qe4+ 55. Kh2 f4 56. gxf4
Qxf4+ 57. Kg2 Qe4+ 58. Qf3 Qe7 59. Rd1 e2 60. Re1 Qxh4
61. Rxe2 Qg5+ 62. Kf1 Qh6 63. Re8 Qd6 64. Qd5+ Qxd5 65. cxd5
Kf7 66. Re6 Bc5 67. Ke2 g5 68. Kf3 Bd4 69. Kg4 Bf6 70. Rxb6
1-0

[Event "IMSA Elite Mind Games (Blitz)"]
[Site "Huai'an CHN"]
[Date "2016.03.01"]
[EventDate "2016.02.28"]
[Round "26.7"]
[Result "1/2-1/2"]
[White "Pentala Harikrishna"]
[Black "Ruslan Ponomariov"]
[WhiteElo "2753"]
[BlackElo "2712"]
[PlyCount "140"]

1. Nf3 d5 2. d4 Nf6 3. c4 e6 4. g3 Be7 5. Bg2 O-O 6. O-O dxc4
7. Qc2 a6 8. Qxc4 b5 9. Qc2 Bb7 10. Bd2 Be4 11. Qc1 c6 12. Be3
Nbd7 13. Nbd2 Bd5 14. Nb3 h6 15. Rd1 Rc8 16. Nc5 Nxc5 17. dxc5
Qc7 18. Bf4 Qa7 19. b4 a5 20. a3 Rfd8 21. Qb2 Be4 22. Be5 Ra8
23. Bc3 axb4 24. axb4 Rxd1+ 25. Rxd1 Qa3 26. Ne5 Qxb2 27. Bxb2
Bxg2 28. Kxg2 Rc8 29. Ra1 Nd5 30. Nd3 f5 31. Ra7 Bf6 32. Bxf6
gxf6 33. f4 Rc7 34. Ra8+ Kg7 35. Rd8 e5 36. fxe5 fxe5 37. Nxe5
Nxb4 38. Rd6 Na6 39. Nxc6 Nxc5 40. Nd4 b4 41. Nxf5+ Kf7
42. Rb6 b3 43. Nd4 Re7 44. Kf3 Ra7 45. e3 Ra2 46. Nxb3 Rb2
47. Rxh6 Rxb3 48. h4 Ne6 49. Rh5 Kf6 50. Rd5 Ng7 51. g4 Ne6
52. g5+ Kf7 53. Rf5+ Ke7 54. Rd5 Kf7 55. h5 Rb1 56. Rd7+ Kf8
57. g6 Rg1 58. Rf7+ Kg8 59. Rf6 Ng7 60. h6 Nh5 61. h7+ Kg7
62. Rf7+ Kxg6 63. Ra7 Rf1+ 64. Kg2 Rf8 65. Kh3 Nf6 66. Kg3
Nxh7 67. e4 Re8 68. Kf4 Ng5 69. Ra6+ Re6 70. Rxe6+ Nxe6+
1/2-1/2

[Event "IMSA Elite Mind Games (Blitz)"]
[Site "Huai'an CHN"]
[Date "2016.03.01"]
[EventDate "2016.02.28"]
[Round "27.2"]
[Result "0-1"]
[White "Sergei Movsesian"]
[Black "Pentala Harikrishna"]
[WhiteElo "2653"]
[BlackElo "2753"]
[PlyCount "118"]

1. e4 e6 2. d4 d5 3. e5 c5 4. c3 Nc6 5. Nf3 Qb6 6. Be2 cxd4
7. cxd4 Nge7 8. Na3 Nf5 9. Nc2 Nb4 10. Nxb4 Bxb4+ 11. Kf1 Be7
12. h4 Bd7 13. h5 Bb5 14. g4 Bxe2+ 15. Kxe2 Nh6 16. Rg1 Rc8
17. Qd3 Qc6 18. Bd2 Qc4 19. b3 Qxd3+ 20. Kxd3 Kd7 21. a4 a6
22. Rac1 Rxc1 23. Bxc1 Rc8 24. Bd2 Ng8 25. Ne1 Bd8 26. f4 Ne7
27. Nc2 Bb6 28. Rf1 Rg8 29. Bb4 Nc6 30. Ba3 f6 31. Bc1 Rf8
32. exf6 Rxf6 33. Re1 Bc7 34. Rf1 Rf7 35. Be3 Bd6 36. Rf2 Ne7
37. Bd2 Ng8 38. Bb4 Rxf4 39. Rxf4 Bxf4 40. Ke2 Nf6 41. Kf3 Bd6
42. Be1 Ne4 43. Ne3 g6 44. Bh4 Nd2+ 45. Ke2 Nxb3 46. Kd3 Na5
47. Be1 Nc6 48. Ng2 e5 49. hxg6 hxg6 50. Nh4 Nxd4 51. Nxg6 Nf3
52. Bf2 e4+ 53. Ke3 Ke6 54. Nf4+ Bxf4+ 55. Kxf4 Ne5 56. Bd4
Nd3+ 57. Ke3 b5 58. axb5 axb5 59. Kd2 Ne5 0-1

[Event "IMSA Elite Mind Games (Blitz)"]
[Site "Huai'an CHN"]
[Date "2016.03.01"]
[EventDate "2016.02.28"]
[Round "28.8"]
[Result "1/2-1/2"]
[White "Pentala Harikrishna"]
[Black "Radoslaw Wojtaszek"]
[WhiteElo "2753"]
[BlackElo "2727"]
[PlyCount "125"]

1. Nf3 d5 2. g3 c6 3. Bg2 Bg4 4. O-O e6 5. d3 Nf6 6. Nbd2 Nbd7
7. e4 Bxf3 8. Qxf3 Bd6 9. Qe2 O-O 10. f4 dxe4 11. dxe4 e5
12. f5 Bc5+ 13. Kh1 b5 14. g4 Ne8 15. Nf3 Nd6 16. b3 Qe7
17. g5 f6 18. Bd2 Rfd8 19. a4 a6 20. Rfd1 Bb6 21. Bb4 Nc5
22. gxf6 gxf6 23. Ne1 a5 24. Bd2 Kh8 25. Be3 Rg8 26. axb5 Nxb5
27. Qc4 Nd4 28. b4 axb4 29. Qxb4 Rxa1 30. Rxa1 Qc7 31. c3 Ndb3
32. Rb1 Ba7 33. Qa3 Bb6 34. Qb4 Ba7 35. Qc4 Na5 36. Qa2 Nxe4
37. Qe2 Nd6 38. Bxa7 Qxa7 39. Qd3 Nac4 40. Nc2 Qf2 41. Rg1 e4
42. Qd4 Qxd4 43. Nxd4 c5 44. Ne6 e3 45. Bf3 Rxg1+ 46. Kxg1
Nxf5 47. Nxc5 Nd2 48. Be2 Nh4 49. Nd7 f5 50. Ne5 f4 51. c4 f3
52. Bd3 Kg7 53. Ng4 f2+ 54. Nxf2 exf2+ 55. Kxf2 Nb3 56. Ke3 h6
57. Bc2 Nc5 58. Kd4 Ne6+ 59. Ke5 Nd8 60. c5 Ng6+ 61. Kd6 Nb7+
62. Kc6 Nxc5 63. Kxc5 1/2-1/2